রক্ত তিলক / (Record no. 47147)
[ view plain ]
| 000 -LEADER | |
|---|---|
| fixed length control field | 01262nam a2200265 a 4500 |
| 001 - CONTROL NUMBER | |
| control field | 47147 |
| 003 - CONTROL NUMBER IDENTIFIER | |
| rucl marc code | BD-RjUL |
| 005 - DATE AND TIME OF LATEST TRANSACTION | |
| control field | 20211209054251.0 |
| 008 - FIXED-LENGTH DATA ELEMENTS--GENERAL INFORMATION | |
| fixed length control field | 160807s1971 ii 001 0 ben d |
| 020 ## - INTERNATIONAL STANDARD BOOK NUMBER | |
| Terms of availability | : IRs. 8.00 |
| 035 ## - SYSTEM CONTROL NUMBER | |
| System control number | (BD-RjUL)47266 |
| 040 ## - CATALOGING SOURCE | |
| Original cataloging agency | DLC |
| Transcribing agency | DLC |
| Modifying agency | DLC |
| -- | (BD-RjUL) |
| Language of cataloging | ben/eng |
| 041 ## - LANGUAGE CODE | |
| Language code of text/sound track or separate title | ben |
| 082 00 - DEWEY DECIMAL CLASSIFICATION NUMBER | |
| Classification number | 891.44108 |
| Edition number | 23 |
| Author mark and year | RAK 1971 |
| 245 00 - TITLE STATEMENT | |
| Title | রক্ত তিলক / |
| Statement of responsibility, etc. | মৃণাল চট্রোপাধ্রায়, অমিয়ধন মুখোপাধ্যায় সম্পাদিত |
| 246 ## - VARYING FORM OF TITLE | |
| Title proper/short title | বাঙলা দেশের সাহায্যার্থ বাঙলা দেশকে রক্ত তিলক |
| 250 ## - EDITION STATEMENT | |
| Edition statement | ২য় সং. |
| 260 ## - PUBLICATION, DISTRIBUTION, ETC. (IMPRINT) | |
| Place of publication, distribution, etc. | কলকাতা: |
| Name of publisher, distributor, etc. | নব নিকেতন, |
| Date of publication, distribution, etc. | ১৯৭১ (মাঘ ১৩৭৮) |
| 300 ## - PHYSICAL DESCRIPTION | |
| Pagination | ক-ঘ, ২০৭, [১] পৃ. ; |
| Size | ২১ সেমি. |
| 650 ## - SUBJECT ADDED ENTRY--TOPICAL TERM | |
| Topical term or geographic name as entry element | বাংলা কবিতা |
| General subdivision | সংগ্রহ |
| 9 (RLIN) | 250289 |
| Topical term or geographic name as entry element | Bengali Poetry |
| General subdivision | Collections |
| 9 (RLIN) | 250290 |
| 700 ## - ADDED ENTRY--PERSONAL NAME | |
| Personal name | চট্রোপাধ্রায়, মৃণাল সম্পাদক |
| Personal name | মুখোপাধ্যায়, অমিয়ধন , যুগ্ম সম্পাদক |
| 942 ## - ADDED ENTRY ELEMENTS (KOHA) | |
| Source of classification or shelving scheme | Dewey Decimal Classification |
| Koha item type | Rare Books |
| Lost status | Source of classification or shelving scheme | Damaged status | Not for loan | Collection code | Permanent Location | Current Location | Shelving location | Date acquired | Source of acquisition | Cost, normal purchase price | Total Checkouts | Full call number | Date last seen | Copy number | Koha item type |
|---|---|---|---|---|---|---|---|---|---|---|---|---|---|---|---|
| Dewey Decimal Classification | Not For Loan | Rare Books | Central Library, University of Rajshahi | Central Library, University of Rajshahi | Rare Book Section | 22/09/1973 | Dacca, Nowroze Kitabistan | 8.00 | BRA 891.44108 RAK 1971 | 21/11/2021 | C-1 | Rare Books |